[Event "3rd Sharjah Masters 2019"]
[Site "Sharjah UAE"]
[Date "2019.03.23"]
[Round "2.31"]
[White "Karthik, Venkataraman"]
[Black "Ranaldi, Lucas"]
[Result "1-0"]
[WhiteTitle "GM"]
[BlackTitle "FM"]
[WhiteElo "2494"]
[BlackElo "2279"]
[WhiteFideId "25006479"]
[BlackFideId "1519484"]
[EventDate "2019.03.22"]

1. d4 Nf6 2. Bg5 b6 3. Bxf6 exf6 4. e3 Bb7 5. Nd2 g6 6. Ngf3 Bg7 7. g3 O-O 8.
Bg2 d6 9. O-O f5 10. a4 c5 11. c3 Qc7 12. h4 Nd7 13. h5 Nf6 14. hxg6 hxg6 15.
Ng5 Rfe8 16. Bxb7 Qxb7 17. Qf3 Ne4 18. Ndxe4 fxe4 19. Qh1 Bf6 20. Qh7+ Kf8 21.
f4 exf3 22. Rxf3 Bxg5 23. Qh8+ Ke7 24. Rxf7+ Ke6 25. Qh3+ Kxf7 26. Qh7+ Ke6 27.
Qxb7 Bxe3+ 28. Kg2 cxd4 29. Qe4+ Kd7 30. Qg4+ Kc6 31. cxd4 Kd5 32. Qf3+ Re4 33.
Re1 1-0

[Event "3rd Sharjah Masters 2019"]
[Site "Sharjah UAE"]
[Date "2019.03.23"]
[Round "2.32"]
[White "Mullick, Raahil"]
[Black "Vokhidov, Shamsiddin"]
[Result "0-1"]
[WhiteTitle "CM"]
[BlackTitle "IM"]
[WhiteElo "2275"]
[BlackElo "2494"]
[WhiteFideId "35080350"]
[BlackFideId "14204223"]
[EventDate "2019.03.22"]

1. e4 c5 2. Nf3 d6 3. d4 cxd4 4. Nxd4 Nf6 5. Nc3 Bd7 6. Bg5 e6 7. Qd2 a6 8.
O-O-O h6 9. Bh4 Nxe4 10. Qf4 Ng5 11. Qe3 Be7 12. f4 Nh7 13. Bxe7 Qxe7 14. g4 Nc6
15. Bg2 O-O-O 16. Rhe1 Nf6 17. Ndb5 axb5 18. Nxb5 Be8 19. Qb6 d5 20. Re3 Kb8 21.
Ra3 Rc8 22. Ra7 Rc7 23. Ra4 Rc8 24. Ra7 Rc7 25. Nxc7 Nxa7 26. Na6+ Kc8 27. Qxa7
Qd6 28. Qa8+ Kd7 29. Qxb7+ Kd8 30. Rd4 Bd7 31. Nb4 Ke7 32. Qa7 g5 33. Qa3 gxf4
34. Kb1 Rb8 35. Rxf4 Ne4 36. c3 Nxc3+ 37. Kc2 Ne4 38. Nd3 Qxa3 39. bxa3 Ba4+ 40.
Kc1 Rc8+ 41. Kb1 Bc2+ 42. Kb2 Bxd3 0-1

[Event "3rd Sharjah Masters 2019"]
[Site "Sharjah UAE"]
[Date "2019.03.23"]
[Round "2.33"]
[White "Lorparizangeneh, Shahin"]
[Black "Amdouni, Zoubaier"]
[Result "1-0"]
[WhiteTitle "GM"]
[BlackTitle "FM"]
[WhiteElo "2493"]
[BlackElo "2275"]
[WhiteFideId "12521604"]
[BlackFideId "5500419"]
[EventDate "2019.03.22"]

1. Nf3 Nf6 2. g3 d5 3. Bg2 Bf5 4. O-O e6 5. c4 c6 6. cxd5 exd5 7. d3 Be7 8. Nc3
O-O 9. Qb3 Qd7 10. e4 Be6 11. Ng5 d4 12. Nxe6 Qxe6 13. Qxb7 dxc3 14. Qxa8 cxb2
15. Bxb2 Qd7 16. Rfc1 Rc8 17. Bxf6 Bxf6 18. Rab1 Be5 19. Qb7 Qxb7 20. Rxb7 Bd4
21. Rc4 c5 22. e5 h6 23. Bd5 Nc6 24. Rxf7 Kh8 25. e6 1-0

[Event "3rd Sharjah Masters 2019"]
[Site "Sharjah UAE"]
[Date "2019.03.23"]
[Round "2.34"]
[White "Divya, Deshmukh"]
[Black "Iniyan, P"]
[Result "0-1"]
[WhiteTitle "WIM"]
[BlackTitle "IM"]
[WhiteElo "2266"]
[BlackElo "2487"]
[WhiteFideId "35006916"]
[BlackFideId "25002767"]
[EventDate "2019.03.22"]

1. e4 c5 2. Nf3 d6 3. d4 cxd4 4. Nxd4 Nf6 5. Nc3 a6 6. Bg5 e6 7. f4 Qc7 8. Bxf6
gxf6 9. Be2 Nc6 10. Qd3 h5 11. O-O-O Bd7 12. f5 Bh6+ 13. Kb1 Bf4 14. fxe6 fxe6
15. Qc4 Qc8 16. Nxc6 Qxc6 17. Qb3 Be5 18. Rd3 Ke7 19. Bf3 b5 20. Ne2 b4 21. Rd2
a5 22. Qe3 Qc5 23. Qxc5 dxc5 24. Rhd1 Bc6 25. h4 a4 26. b3 Ra7 27. Nc1 Bc3 28.
Rd6 Rc8 29. Ne2 Be5 30. R6d2 Rb8 31. Rd3 Rba8 32. R3d2 Bb5 33. Bxh5 Rh8 34. Bf3
Rxh4 35. Nc1 Rh8 36. Nd3 Bc3 37. Rf2 Bd4 38. Rff1 axb3 39. cxb3 Rxa2 40. Kxa2
Ra8+ 41. Kb1 Bxd3+ 42. Rxd3 Ra1+ 43. Kc2 Rxf1 44. Rd2 Ra1 45. Kd3 Rb1 46. Bd1
Bc3 47. Bc2 Rg1 48. Re2 Kd6 49. Kc4 Bd4 50. Kb5 Ra1 51. Bd3 Ra8 52. Kc4 Ke5 53.
Kb5 Kd6 54. Kc4 Rg8 55. Ra2 Rg3 56. Bf1 Rc3+ 57. Kb5 Rxb3 58. Ra6+ Ke5 59. Bc4
Rg3 60. Rxe6+ Kf4 61. Ka4 Ra3+ 62. Kb5 b3 63. Rb6 b2 64. Kc6 Ra1 65. g3+ Kxe4
66. Bd5+ Ke5 0-1

[Event "3rd Sharjah Masters 2019"]
[Site "Sharjah UAE"]
[Date "2019.03.23"]
[Round "2.35"]
[White "Nguyen, Anh Khoi"]
[Black "Kaabi, Mejdi"]
[Result "1-0"]
[WhiteTitle "IM"]
[BlackTitle "IM"]
[WhiteElo "2484"]
[BlackElo "2266"]
[WhiteFideId "12404675"]
[BlackFideId "5500044"]
[EventDate "2019.03.22"]

1. d4 Nf6 2. c4 g6 3. Nc3 Bg7 4. e4 d6 5. h3 O-O 6. Be3 a6 7. Nf3 c5 8. dxc5
dxc5 9. Qxd8 Rxd8 10. Bxc5 Nc6 11. Be2 Be6 12. O-O Nd7 13. Ba3 Bxc3 14. bxc3 Na5
15. Rfd1 Nb6 16. Bxe7 Re8 17. Bb4 Naxc4 18. Rab1 Rac8 19. Ng5 a5 20. Bxa5 Nxa5
21. Rxb6 Rxc3 22. Nxe6 Rxe6 23. Rxe6 fxe6 24. Bg4 e5 25. Be6+ Kg7 26. Rd7+ Kf6
27. Bd5 h5 28. h4 g5 29. Rd6+ 1-0

[Event "3rd Sharjah Masters 2019"]
[Site "Sharjah UAE"]
[Date "2019.03.23"]
[Round "2.36"]
[White "Kunal, M."]
[Black "Nigmatov, Ortik"]
[Result "1-0"]
[BlackTitle "IM"]
[WhiteElo "2258"]
[BlackElo "2478"]
[WhiteFideId "5018250"]
[BlackFideId "14202131"]
[EventDate "2019.03.22"]

1. e4 e5 2. Nf3 Nc6 3. Bb5 a6 4. Bxc6 dxc6 5. d4 exd4 6. Qxd4 Qxd4 7. Nxd4 c5 8.
Ne2 Bd7 9. Nbc3 O-O-O 10. Be3 Re8 11. O-O-O b6 12. Rd2 Ne7 13. Ng3 h5 14. h4 Ng6
15. Nd5 Be6 16. Nf4 Nxf4 17. Bxf4 a5 18. a3 a4 19. Nf1 b5 20. Ne3 Kb7 21. f3 Be7
22. Nd5 Bd8 23. Be3 Kc6 24. Nf4 Be7 25. Nd3 b4 26. c3 bxc3 27. bxc3 Kb5 28. Bg5
f6 29. Bf4 Rc8 30. Nb2 Bb3 31. Rd7 Rhe8 32. c4+ Kc6 33. Rd5 g6 34. Kd2 Rb8 35.
Ra1 f5 36. Kc3 fxe4 37. fxe4 Rbd8 38. Nd3 Bf6+ 39. Be5 Be7 40. g3 Rf8 41. Nf4
Kb7 42. Rxd8 Bxd8 43. Kd3 c6 44. Ne6 Re8 45. Nxc5+ Kc8 46. Bd6 Bf6 47. Rf1 Bb2
48. Rf7 Rd8 49. Rc7+ Kb8 50. Nd7+ 1-0

[Event "3rd Sharjah Masters 2019"]
[Site "Sharjah UAE"]
[Date "2019.03.23"]
[Round "2.37"]
[White "Vignesh, N R"]
[Black "Poormosavi, Seyed Kian"]
[Result "1-0"]
[WhiteTitle "IM"]
[WhiteElo "2476"]
[BlackElo "2261"]
[WhiteFideId "25012215"]
[BlackFideId "12585807"]
[EventDate "2019.03.22"]

1. d4 Nf6 2. Nf3 e6 3. Bg5 h6 4. Bh4 b6 5. e3 Bb7 6. Nbd2 Be7 7. Bd3 c5 8. O-O
O-O 9. c3 d6 10. Qe2 Qc7 11. Rfd1 Nc6 12. a4 e5 13. dxe5 dxe5 14. Bxf6 Bxf6 15.
Ba6 Bxa6 16. Qxa6 Rad8 17. e4 g6 18. Nc4 Bg7 19. Ne3 Ne7 20. Qc4 Rxd1+ 21. Rxd1
Rd8 22. Nd5 Nxd5 23. Rxd5 Rxd5 24. Qxd5 Qc8 25. Nd2 Qg4 26. Nc4 Qe2 27. g3 h5
28. h4 Qf3 29. Nd6 Bf8 30. Ne8 Bg7 31. Nxg7 Kxg7 32. Qxe5+ Kh7 33. Qc7 Qxe4 34.
Qxf7+ Kh8 35. Qxa7 Qb1+ 36. Kg2 Qxb2 37. Qb8+ Kh7 38. Qb7+ Kh6 39. a5 Qxc3 40.
a6 1-0

[Event "3rd Sharjah Masters 2019"]
[Site "Sharjah UAE"]
[Date "2019.03.23"]
[Round "2.38"]
[White "El Adnani, Mokliss"]
[Black "Pranav, V"]
[Result "1-0"]
[WhiteTitle "IM"]
[WhiteElo "2455"]
[BlackElo "2258"]
[WhiteFideId "9000410"]
[BlackFideId "25060783"]
[EventDate "2019.03.22"]

1. Nf3 Nf6 2. b3 b6 3. g3 Bb7 4. Bg2 e6 5. Bb2 c5 6. c4 Be7 7. O-O O-O 8. e3 d5
9. cxd5 Nxd5 10. d4 cxd4 11. Nxd4 Nc6 12. e4 Ndb4 13. Nxc6 Nxc6 14. Nd2 Bc5 15.
e5 Qe7 16. Ne4 Rad8 17. Nf6+ Kh8 18. Qh5 h6 19. Bc1 Nxe5 20. Bxh6 Qxf6 21. Bg5+
Kg8 22. Bxf6 gxf6 23. Bxb7 Rd2 24. Rad1 Rb2 25. Be4 Re8 26. Kh1 Kg7 27. f4 Rh8
28. Qxh8+ Kxh8 29. fxe5 f5 30. Bxf5 exf5 31. Rxf5 Kg7 32. Rdf1 Kg6 33. Rf6+ Kg5
34. Rxf7 Kg4 35. Rg7+ Kh3 36. Rh7+ Kg4 37. Rxa7 Kh3 38. Rh7+ Kg4 39. Rf4+ Kg5
40. Rf6 Rxa2 41. Rg7+ Kh5 42. g4+ Kh4 43. Rh6# 1-0

[Event "3rd Sharjah Masters 2019"]
[Site "Sharjah UAE"]
[Date "2019.03.23"]
[Round "2.39"]
[White "Praveen, Kumar C"]
[Black "Sadhwani, Raunak"]
[Result "1-0"]
[WhiteTitle "IM"]
[BlackTitle "IM"]
[WhiteElo "2243"]
[BlackElo "2455"]
[WhiteFideId "5007372"]
[BlackFideId "35093487"]
[EventDate "2019.03.22"]

1. d4 b6 2. c4 Bb7 3. Nc3 e6 4. f3 d5 5. cxd5 exd5 6. e3 Bd6 7. Qc2 Nf6 8. Bd3
O-O 9. g4 c5 10. Qf2 cxd4 11. exd4 Ne4 12. fxe4 dxe4 13. Qg2 Bb4 14. Bc2 Nc6 15.
Be3 Na5 16. Bb3 Nxb3 17. axb3 f5 18. Ne2 fxg4 19. Qxg4 Rf3 20. Rg1 Qe7 21. Bh6
g6 22. h4 e3 23. h5 Rf2 24. hxg6 1-0

[Event "3rd Sharjah Masters 2019"]
[Site "Sharjah UAE"]
[Date "2019.03.23"]
[Round "2.40"]
[White "Aditya, Mittal"]
[Black "Al Hosani, Omran"]
[Result "1-0"]
[WhiteTitle "CM"]
[BlackTitle "FM"]
[WhiteElo "2454"]
[BlackElo "2238"]
[WhiteFideId "35042025"]
[BlackFideId "9308733"]
[EventDate "2019.03.22"]

1. d4 Nf6 2. c4 g6 3. Nc3 d5 4. cxd5 Nxd5 5. Bd2 Bg7 6. e4 Nxc3 7. Bxc3 O-O 8.
Qd2 Nd7 9. Nf3 b6 10. h4 Nf6 11. Bd3 Bb7 12. Qe2 e6 13. O-O-O c5 14. dxc5 Qe7
15. Kb1 Rfd8 16. e5 Nd5 17. Bd2 bxc5 18. Bg5 f6 19. exf6 Bxf6 20. Bc4 Rab8 21.
Bxf6 Qxf6 22. Qe5 Qxe5 23. Nxe5 Nf4 24. f3 Kg7 25. g3 Nd5 26. Rd3 Nb6 27. Rhd1
Rxd3 28. Bxd3 Rd8 29. Bc2 Bd5 30. h5 Nd7 31. h6+ Kf6 32. Nd3 Ne5 33. Nxe5 Kxe5
34. f4+ Kf6 35. Re1 g5 36. Re5 gxf4 37. gxf4 Rg8 38. Bxh7 Rh8 39. Be4 Bxe4+ 40.
Rxe4 Rxh6 41. Re5 Rh4 42. Rxc5 Rxf4 43. Ra5 e5 44. Ra6+ Kf5 45. Rxa7 e4 46. Kc2
Kg4 47. Re7 Kf3 48. a4 Rf6 49. b4 e3 50. Kd3 Rd6+ 51. Kc4 e2 52. a5 Rc6+ 53. Kd4
Rh6 54. b5 Rh5 55. Kc4 Rh4+ 56. Kd3 Rh5 57. Rf7+ Kg2 58. Kxe2 Rxb5 59. Rg7+ Kh3
60. a6 Ra5 61. a7 Ra3 62. Kd2 Kh4 63. Kc2 Kh5 64. Kb2 Ra6 65. Kb3 Kh6 66. Rb7
Ra1 67. Kc4 Kg6 68. Kb5 Kf5 69. Kb6 Ke6 70. Rb8 Kd5 1-0

[Event "3rd Sharjah Masters 2019"]
[Site "Sharjah UAE"]
[Date "2019.03.23"]
[Round "2.43"]
[White "Arencibia Rodriguez, Walter"]
[Black "Bommini, Mounika Akshaya"]
[Result "1-0"]
[WhiteTitle "GM"]
[BlackTitle "WFM"]
[WhiteElo "2506"]
[BlackElo "2076"]
[WhiteFideId "3500012"]
[BlackFideId "25019872"]
[EventDate "2019.03.22"]

1. d4 d5 2. c4 c6 3. Nc3 Nf6 4. e3 a6 5. Qc2 g6 6. Nf3 Bg7 7. Bd3 O-O 8. O-O
Nbd7 9. cxd5 Nxd5 10. Nxd5 cxd5 11. Bd2 e5 12. dxe5 Nxe5 13. Nxe5 Bxe5 14. Bc3
d4 15. exd4 Bxd4 16. Rad1 Bxc3 17. Qxc3 Qb6 18. Be4 Be6 19. b3 a5 20. h4 a4 21.
h5 Qa5 22. b4 Qxh5 23. Bxb7 Rab8 24. Bf3 Qg5 25. a3 Rfc8 26. Qd2 Qxd2 27. Rxd2
Rc3 28. Ra1 Rbc8 29. Rd6 Kf8 30. b5 Ke7 31. Ra6 Bc4 32. Ra7+ Kd6 33. b6 Rb8 34.
Rd1+ Kc5 35. b7 Bb3 36. Rd8 Rxd8 37. Ra8 Rcd3 38. Rc8+ 1-0

[Event "3rd Sharjah Masters 2019"]
[Site "Sharjah UAE"]
[Date "2019.03.23"]
[Round "2.44"]
[White "Thrish, Karthik"]
[Black "Harsha, Bharathakoti"]
[Result "1/2-1/2"]
[BlackTitle "GM"]
[WhiteElo "2096"]
[BlackElo "2497"]
[WhiteFideId "46626433"]
[BlackFideId "5078776"]
[EventDate "2019.03.22"]

1. Nf3 Nf6 2. c4 b6 3. g3 Bb7 4. Bg2 g6 5. b3 Bg7 6. Bb2 O-O 7. O-O c5 8. Nc3 d6
9. d4 cxd4 10. Nxd4 Bxg2 11. Kxg2 Qd7 12. Qd3 Rc8 13. Nd5 Na6 14. Nxf6+ Bxf6 15.
Qf3 Bg7 16. Rab1 Nb4 17. a3 Na6 18. Nb5 Nc5 19. Bxg7 Kxg7 20. Rfd1 Qc6 21. Qxc6
Rxc6 22. Nd4 Rc7 23. Nb5 Rb7 24. Nc3 a6 25. b4 Nd7 26. Nd5 Kf8 27. Rbc1 Rc8 28.
Rc2 Ne5 29. Rdc1 e6 30. Ne3 Ke7 31. f4 Nd7 32. g4 h6 33. Rd1 f5 34. Rcd2 Rc6 35.
Kf3 b5 36. gxf5 gxf5 37. Rc2 Ra7 38. cxb5 Rxc2 39. Nxc2 axb5 40. Nd4 Rxa3+ 41.
e3 Nf6 42. Nxb5 Rb3 43. Nxd6 Ng4 44. Nc4 Nxh2+ 45. Ke2 Ng4 46. Rh1 Rc3 47. Ne5
Rxe3+ 48. Kd2 Re4 49. Nxg4 fxg4 50. Rxh6 Rxf4 51. b5 Rb4 52. Kc3 Rxb5 53. Rg6
Rd5 54. Rxg4 Kf6 55. Rf4+ Kg5 56. Re4 Kf5 57. Re1 e5 58. Kc4 Rd4+ 59. Kc3 Rd8
60. Rf1+ Ke4 61. Re1+ Kf4 62. Rf1+ Kg3 63. Re1 Rd5 64. Kc4 Rd4+ 65. Kc3 Kf4 66.
Rf1+ Ke4 67. Re1+ Kf5 68. Rf1+ Rf4 69. Re1 Rd4 70. Rf1+ Ke6 71. Rh1 Kd5 72. Ra1
Ke6 73. Rh1 Rd8 74. Re1 Rd5 75. Kc4 Kd6 76. Rh1 Rd4+ 77. Kc3 Kd5 78. Ra1 Rf4 79.
Kd3 Rf3+ 80. Ke2 Rb3 81. Ra4 1/2-1/2

[Event "3rd Sharjah Masters 2019"]
[Site "Sharjah UAE"]
[Date "2019.03.23"]
[Round "2.45"]
[White "Rohit, S"]
[Black "Darini, Pouria"]
[Result "0-1"]
[BlackTitle "GM"]
[WhiteElo "1868"]
[BlackElo "2474"]
[WhiteFideId "46633847"]
[BlackFideId "12502200"]
[EventDate "2019.03.22"]

1. e4 c5 2. Nf3 d6 3. d4 cxd4 4. Nxd4 Nf6 5. Nc3 a6 6. Bg5 e6 7. f4 h6 8. Bh4
Qb6 9. a3 Be7 10. Bf2 Qc7 11. Be2 Nc6 12. O-O Bd7 13. Qd2 g5 14. e5 dxe5 15.
Nxc6 Bxc6 16. fxe5 Rd8 17. Qe3 Nd5 18. Nxd5 Rxd5 19. Bh5 Rf8 20. Rae1 Bc5 21.
Qh3 Bxf2+ 22. Rxf2 Rxe5 23. Ref1 Qb6 24. Qc3 Rf5 25. Qe1 Ke7 26. Kh1 Rxf2 27.
Rxf2 Qxb2 28. h3 f5 29. c4 Qxa3 30. Qe5 Qxh3+ 0-1

[Event "3rd Sharjah Masters 2019"]
[Site "Sharjah UAE"]
[Date "2019.03.23"]
[Round "2.46"]
[White "Abdullaev, Rasulbek"]
[Black "Akshat, Khamparia"]
[Result "0-1"]
[BlackTitle "IM"]
[WhiteElo "1611"]
[BlackElo "2415"]
[WhiteFideId "14210428"]
[BlackFideId "5016541"]
[EventDate "2019.03.22"]

1. d4 Nf6 2. c4 Nc6 3. e3 e5 4. d5 Ne7 5. Nc3 d6 6. e4 g6 7. g3 Bg7 8. Bg2 O-O
9. Nge2 Nh5 10. O-O f5 11. f4 exf4 12. gxf4 fxe4 13. Nxe4 Nf5 14. Qb3 Nh4 15.
Bh1 Qe7 16. N2g3 Bf5 17. Nxh5 gxh5 18. Nf2 Rf6 19. h3 Rg6+ 20. Kh2 Bd4 21. Qd1
Qg7 0-1

[Event "3rd Sharjah Masters 2019"]
[Site "Sharjah UAE"]
[Date "2019.03.24"]
[Round "3.2"]
[White "Kuybokarov, Temur"]
[Black "Inarkiev, Ernesto"]
[Result "0-1"]
[WhiteTitle "GM"]
[BlackTitle "GM"]
[WhiteElo "2519"]
[BlackElo "2692"]
[WhiteFideId "14203049"]
[BlackFideId "4162722"]
[EventDate "2019.03.22"]

1. e4 c5 2. Nf3 d6 3. d4 cxd4 4. Nxd4 Nf6 5. Nc3 a6 6. Be3 Ng4 7. Bg5 h6 8. Bh4
g5 9. Bg3 Bg7 10. Qd2 Nc6 11. Nb3 Be6 12. h4 gxh4 13. Bxh4 Rc8 14. f3 Nge5 15.
Nd5 Ng6 16. c3 Nxh4 17. Rxh4 b5 18. Rh1 Rg8 19. Nf4 Qb6 20. Nxe6 fxe6 21. a3 Rf8
22. Qf2 Rb8 23. Qxb6 Rxb6 24. Kf2 Kf7 25. f4 a5 26. Ra2 b4 27. cxb4 axb4 28. Bc4
Rc8 29. Nd2 Na5 30. b3 bxa3 31. Rxa3 Nxc4 32. Nxc4 Rb5 33. Rd1 Rc7 34. Rd3 Rcb7
35. Nd2 Bb2 36. Ra6 Bc1 37. e5 Rd5 38. Rxd5 exd5 39. Ke1 dxe5 40. fxe5 e6 41.
Nf3 Bb2 42. Kd2 Rxb3 43. Ra7+ Kg6 44. Kc2 Rb4 45. Kd3 Rb3+ 46. Kc2 Rb4 47. Kd3
Rb6 48. Ra8 Bc1 49. Rf8 Bg5 50. Nd4 Ra6 51. Ke2 Be7 52. Rf4 h5 53. Kf3 Kg7 54.
Kg3 Bg5 55. Rf3 Kg6 56. Kh3 Be7 57. g3 Kg7 58. Rf4 Bd8 59. Nf3 Rb6 60. Nd4 Bc7
61. Nf3 Rb2 62. Kh4 Re2 63. Kxh5 Bxe5 64. Ra4 Re3 65. Kg4 Kf6 66. Ra7 Rc3 67.
Rd7 Bc7 68. Rh7 Rc4+ 69. Kh3 e5 70. g4 Kg6 71. Rd7 Rc3 72. Kg2 Rc5 73. Kf2 Kf6
74. Rh7 Kg6 75. Rd7 e4 76. Nd4 Be5 77. Ne6 Ra5 78. Ke3 Kf6 79. Nd8 Ra3+ 80. Ke2
d4 81. Nc6 Ra2+ 82. Kf1 Ra1+ 83. Kg2 Ra2+ 84. Kf1 Ra1+ 85. Kg2 d3 86. Nb4 Ke6 0-1

[Event "3rd Sharjah Masters 2019"]
[Site "Sharjah UAE"]
[Date "2019.03.24"]
[Round "3.3"]
[White "Stany, G.A."]
[Black "Sargissian, Gabriel"]
[Result "1/2-1/2"]
[WhiteTitle "GM"]
[BlackTitle "GM"]
[WhiteElo "2507"]
[BlackElo "2689"]
[WhiteFideId "5029104"]
[BlackFideId "13300881"]
[EventDate "2019.03.22"]

1. e4 e5 2. Nf3 Nc6 3. Bb5 Nf6 4. O-O Nxe4 5. Re1 Nd6 6. Nxe5 Be7 7. Bf1 Nxe5 8.
Rxe5 O-O 9. d4 Ne8 10. d5 Bc5 11. Qf3 d6 12. Re2 Qf6 13. Qg3 Qg6 14. Qxg6 fxg6
15. Be3 Bxe3 16. Rxe3 Nf6 17. Nc3 a6 18. Ne4 Nxe4 19. Rxe4 Bf5 20. Rc4 Rf7 21.
Re1 Kf8 22. c3 Re8 23. Rxe8+ Kxe8 24. f3 g5 25. Rb4 Bc8 26. Bd3 g6 27. Kf2 Rf4
28. Rc4 Rxc4 29. Bxc4 a5 30. Bd3 Ke7 31. Ke3 Kf6 32. Kd4 Bd7 33. b4 axb4 34.
cxb4 h5 35. Bc2 b5 36. Bd3 1/2-1/2

[Event "3rd Sharjah Masters 2019"]
[Site "Sharjah UAE"]
[Date "2019.03.24"]
[Round "3.4"]
[White "Nasanjargal, Urtnasan"]
[Black "Maghsoodloo, Parham"]
[Result "1/2-1/2"]
[WhiteTitle "FM"]
[BlackTitle "GM"]
[WhiteElo "2503"]
[BlackElo "2673"]
[WhiteFideId "4900774"]
[BlackFideId "12539929"]
[EventDate "2019.03.22"]

1. Nf3 d6 2. e4 Nf6 3. Nc3 g6 4. d4 Nc6 5. d5 Nb8 6. h3 Bg7 7. Be3 O-O 8. Be2 e5
9. O-O c6 10. a4 cxd5 11. exd5 Na6 12. Nb5 Nb4 13. c4 a5 14. Ne1 b6 15. Nc2 Nxc2
16. Qxc2 Ba6 17. b4 axb4 18. Qb3 Bxb5 19. cxb5 Ne4 20. Qxb4 f5 21. Ra3 Nc5 22.
Rb1 e4 23. Qc4 Rc8 24. a5 bxa5 25. b6 Nb7 26. Qa4 f4 27. Bd4 f3 28. Bf1 Bxd4 29.
Qxd4 Nc5 30. g3 Rb8 31. Rxa5 Rxb6 32. Ra7 Rf7 33. Rxf7 Kxf7 34. Rxb6 Qxb6 35.
Qh8 Qb7 36. Qxh7+ Kf6 37. Qh8+ Qg7 38. Qd8+ Qe7 39. Qh8+ Kf7 40. Bb5 Qf6 41.
Qh7+ Qg7 42. Be8+ Kf6 43. Qh4+ g5 44. Qh5 Ke7 45. Bb5 Kf6 46. Kh2 Ke5 47. h4
Kxd5 48. hxg5 Ne6 49. Qe8 Qxg5 50. Bc6+ Ke5 51. Bd7 Qf6 52. Qh5+ Kd4 53. Bc6 Qg5
54. Qh7 Nc5 55. Qh8+ Qe5 56. Qh6 Kc4 57. Qc1+ Qc3 58. Qf1+ Kd4 59. Qd1+ Qd3 60.
Qa1+ Kc4 61. Qa2+ Kc3 62. Qa1+ Kd2 63. Qb2+ Qc2 64. Qxc2+ Kxc2 65. g4 Kd3 66.
Kg3 Kd4 67. Kf4 Nd3+ 68. Kf5 Nxf2 69. g5 d5 70. g6 Nd3 71. g7 f2 72. g8=Q f1=Q+
73. Ke6 Nc5+ 74. Ke7 Qf5 75. Qg1+ e3 76. Qa1+ Ke4 77. Qh1+ Kf4 78. Qh2+ Ke4 79.
Qh1+ Kd4 80. Qa1+ Kc4 81. Qc1+ Kb4 82. Qxe3 Nb3 83. Qb6+ Kc3 84. Qe3+ Kb2 85.
Qe2+ Kc1 86. Qe3+ Kc2 87. Kd6 Qf6+ 88. Kxd5 Qd8+ 89. Kc4 Qg8+ 90. Bd5 Qc8+ 91.
Kb4 Qc5+ 92. Qxc5+ Nxc5 1/2-1/2

[Event "3rd Sharjah Masters 2019"]
[Site "Sharjah UAE"]
[Date "2019.03.24"]
[Round "3.5"]
[White "Karthik, Venkataraman"]
[Black "Iturrizaga Bonelli, Eduardo"]
[Result "0-1"]
[WhiteTitle "GM"]
[BlackTitle "GM"]
[WhiteElo "2494"]
[BlackElo "2639"]
[WhiteFideId "25006479"]
[BlackFideId "3901211"]
[EventDate "2019.03.22"]

1. e4 c6 2. d4 d5 3. exd5 cxd5 4. Bd3 Nc6 5. c3 Qc7 6. h3 g6 7. Nf3 Bg7 8. Qc2
Nh6 9. Bxh6 Bxh6 10. O-O O-O 11. Re1 Bd7 12. Nbd2 Rae8 13. Qb3 e6 14. h4 Kg7 15.
g3 f6 16. h5 g5 17. Nh2 g4 18. Qd1 f5 19. Nb3 Bc8 20. Bb5 Qf7 21. f3 gxf3 22.
Qxf3 Kh8 23. Kh1 Rg8 24. c4 Bd7 25. cxd5 exd5 26. Bd3 Ref8 27. Rf1 Qg7 28. Bb5
Qxg3 29. Nc5 Be8 30. Nxb7 Nxd4 31. Qxg3 Rxg3 32. Bxe8 Rxe8 33. Rae1 Rxe1 34.
Rxe1 Be3 35. Nd6 Kg7 36. Rd1 Kf6 37. Nf1 Rg1+ 38. Kh2 Bf2 39. b4 Ke5 40. Nf7+
Ke6 41. Nd8+ Kf6 42. Kh3 Ne2 43. Nc6 Bg3 0-1

[Event "3rd Sharjah Masters 2019"]
[Site "Sharjah UAE"]
[Date "2019.03.24"]
[Round "3.6"]
[White "Ganguly, Surya Shekhar"]
[Black "Lorparizangeneh, Shahin"]
[Result "1/2-1/2"]
[WhiteTitle "GM"]
[BlackTitle "GM"]
[WhiteElo "2633"]
[BlackElo "2493"]
[WhiteFideId "5002150"]
[BlackFideId "12521604"]
[EventDate "2019.03.22"]

1. c4 c6 2. Nf3 d5 3. e3 Nf6 4. Nc3 e6 5. b3 Bd6 6. Bb2 e5 7. cxd5 cxd5 8. Nb5
Nc6 9. Nxd6+ Qxd6 10. Bb5 Nd7 11. Rc1 f6 12. Qc2 Ndb8 13. O-O O-O 14. Qc5 Qd8
15. e4 a6 16. Bd3 Be6 17. exd5 Bxd5 18. Nh4 Bf7 19. Ba3 Re8 20. Bc4 Qd4 21. Nf5
Qxc5 22. Bxf7+ Kxf7 23. Bxc5 Rd8 24. d4 exd4 25. Rfe1 Nd7 26. Be7 Rdb8 27. f4
Nb6 28. Bd6 Re8 29. Rxe8 Rxe8 30. Bc5 Nc8 31. Nxd4 Nxd4 32. Bxd4 Nd6 33. Kf2 Nf5
34. Bb2 h5 35. h3 h4 36. Rc7+ Re7 37. Rxe7+ Kxe7 38. Kf3 Ke6 39. Ba3 Kd5 40. Bb2
b5 41. Bc3 Ke6 42. Ba5 Kd5 43. Bb6 Kc6 44. Ba7 Kd5 45. Bf2 a5 46. Kg4 Ke4 47. a4
bxa4 48. bxa4 Ne3+ 49. Bxe3 Kxe3 50. f5 Ke4 51. Kxh4 Kxf5 52. Kh5 Kf4 53. Kg6
Kg3 54. Kxg7 f5 55. Kg6 Kxg2 56. Kxf5 Kxh3 57. Ke5 Kg4 58. Kd5 Kf5 59. Kc5 Ke6
60. Kb5 Kd7 61. Kxa5 Kc8 62. Kb6 Kb8 63. a5 Ka8 64. a6 Kb8 65. a7+ Ka8 66. Ka6 1/2-1/2

[Event "3rd Sharjah Masters 2019"]
[Site "Sharjah UAE"]
[Date "2019.03.24"]
[Round "3.7"]
[White "Zubov, Alexander"]
[Black "Nguyen, Anh Khoi"]
[Result "1/2-1/2"]
[WhiteTitle "GM"]
[BlackTitle "IM"]
[WhiteElo "2605"]
[BlackElo "2484"]
[WhiteFideId "14109409"]
[BlackFideId "12404675"]
[EventDate "2019.03.22"]

1. e4 c5 2. Nf3 d6 3. d4 cxd4 4. Qxd4 Nc6 5. Bb5 Bd7 6. Qd3 g6 7. O-O Bg7 8. c4
Nf6 9. Nc3 O-O 10. h3 a6 11. Bxc6 Bxc6 12. Be3 b5 13. cxb5 axb5 14. Nd4 Qd7 15.
a3 Rab8 16. b4 Rfc8 17. Rac1 Qb7 18. f3 Be8 19. Nb3 Nd7 20. Na5 Ne5 21. Qe2 Qd7
22. Nd5 Rxc1 23. Rxc1 e6 24. Nc7 d5 25. exd5 exd5 26. Bf4 f6 27. Bxe5 fxe5 28.
Nxe8 Rxe8 29. Rd1 e4 30. fxe4 Rxe4 31. Qf2 Qe8 32. Nb3 d4 33. Kf1 Qe6 34. Nd2
Re3 35. Nf3 Rxa3 36. Nxd4 Qd5 37. Qe2 Bxd4 38. Qe8+ Kg7 39. Qe7+ Kg8 40. Qe8+
Kg7 41. Qe7+ Qf7+ 42. Qxf7+ Kxf7 43. Rxd4 Rb3 44. Rd7+ Kg8 45. Rd4 Kf7 46. Rd7+
Kf6 47. Rxh7 Rxb4 48. Kf2 Re4 49. Rb7 Re5 50. Rb6+ Kg5 51. Kf3 Rc5 52. h4+ 1/2-1/2

[Event "3rd Sharjah Masters 2019"]
[Site "Sharjah UAE"]
[Date "2019.03.24"]
[Round "3.8"]
[White "Vokhidov, Shamsiddin"]
[Black "Idani, Pouya"]
[Result "1/2-1/2"]
[WhiteTitle "IM"]
[BlackTitle "GM"]
[WhiteElo "2494"]
[BlackElo "2604"]
[WhiteFideId "14204223"]
[BlackFideId "12510130"]
[EventDate "2019.03.22"]

1. e4 Nf6 2. e5 Nd5 3. d4 d6 4. Nf3 g6 5. Bc4 Nb6 6. Bb3 Bg7 7. Qe2 O-O 8. e6 d5
9. Ng5 Bxe6 10. Nxe6 fxe6 11. Qxe6+ Kh8 12. c3 Qd7 13. Qe2 Nc6 14. f4 g5 15. O-O
gxf4 16. Bxf4 e5 17. dxe5 Nxe5 18. Nd2 Rae8 19. Bc2 Qg4 20. Qxg4 Nxg4 21. Bxc7
d4 22. Bxb6 axb6 23. Rxf8+ Rxf8 24. Ne4 Ne3 25. Bd3 dxc3 26. bxc3 Rd8 27. Be2
Rc8 28. Rb1 Nd5 29. c4 Bd4+ 30. Kh1 Ne3 31. Nd6 Ra8 32. Nb5 Bc5 33. a3 Rf8 34.
Bf3 Nxc4 35. Bxb7 Nxa3 36. Nxa3 Bxa3 37. Bf3 1/2-1/2